Estudio Literario de la vorágine: Biografía, Argumento, Personajes, Estructura y Lenguaje, Temas Clave / Liliana Ramírez Gómez (Registro nro. 18242)

Detalles MARC
000 -LEADER
fixed length control field 00631nam a22001931a 4500
001 - CONTROL NUMBER
control field 18242
003 - CONTROL NUMBER IDENTIFIER
control field OSt
005 - DATE AND TIME OF LATEST TRANSACTION
control field 20260204212356.0
008 - FIXED-LENGTH DATA ELEMENTS--GENERAL INFORMATION
fixed length control field 170511s2001||||ck ||||||b||||||||||spa||
020 ## - NUMERO DE LIBRO INTERNACIONAL NORMALIZADO
International Standard Book Number 958300782x
082 ## - DEWEY DECIMAL CLASSIFICATION NUMBER
Classification number 860.4 R615e
100 ## - ASIENTO PRINCIPAL -- NOMBRE PERSONAL
Personal name Ramírez Gómez, Liliana
245 ## - TÍTULO PROPIAMENTE DICHO: SUBTÍTULO
Title Estudio Literario de la vorágine: Biografía, Argumento, Personajes, Estructura y Lenguaje, Temas Clave / Liliana Ramírez Gómez
264 ## - PRODUCTION, PUBLICATION, DISTRIBUTION, MANUFACTURE, AND COPYRIGHT NOTICE
Place of production, publication, distribution, manufacture Bogotá: Panamericana
300 ## - PHYSICAL DESCRIPTION
Extensión 60 p.
650 ## - ASIENTO SECUNDARIO DE MATERIA -- TERMINO TEMÁTICO
Termino Temático Como Elemento de Entrada 1.LA VORÁGINE-CRITICA E INTERPRETACIÓN 2.LA VORÁGINE-ANÁLISIS LITERARIO
700 ## - ASIENTO SECUNDARIO -- NOMBRE PERSONAL
Personal name Rivera, José EustasioÌ
942 ## - ADDED ENTRY ELEMENTS (KOHA)
Source of classification or shelving scheme Dewey Decimal Classification
Koha item type Libros
Existencias
Withdrawn status Lost status Source of classification or shelving scheme Damaged status Not for loan Current library Date acquired Total Checkouts Full call number Barcode Date last seen Price effective from Koha item type
    Dewey Decimal Classification     Biblioteca UTECO 09/09/2019   860.4 R615E 017139 09/09/2019 09/09/2019 Libros
© 2021 Derechos Reservados UTECO - Teléfono: +1 809-585-2291 - Correo electrónico: biblioteca@uteco.edu.do​  
Código postal 43000 ​​
Dirección: Avenida Universitaria No. 100, 
Cotuí, Provincia Sánchez Ramírez, República Dominicana - RNC: 404-00059-6